[Event "Italian Hungarian for fall"]
[Site "SchemingMind.com"]
[Date "2021.10.10"]
[Round "-"]
[White "William Lindberg"]
[Black "Robert Bruce"]
[Result "1/2-1/2"]
[WhiteCountry "USA"]
[BlackCountry "SCO"]
[WhiteElo "2474"]
[WhiteRD "66"]
[BlackElo "2439"]
[BlackRD "69"]
[GameID "716334"]

1. e4 e5 2. Nf3 Nc6 3. Bc4 Be7 4. O-O h6 5. d4 d6 6. d5 Nb8 7. Re1 Nf6 8. Bd3 Nbd7 9. c4 Nh7 10. Bc2 Ndf8
11. Nbd2 Ng5 12. Nxg5 hxg5 13. Nf1 a5 14. Ne3 Ng6 15. g3 f6 16. f3 Bd7 17. Re2 Nf8 18. Rf2 Kf7 19. b3 Qb8 20. Qe2 Bh3
21. Bd2 Nd7 22. Rb1 g6 23. g4 c6 24. Nd1 Kg7 25. Be3 Qf8 26. Qd2 c5 27. Nc3 Bd8 28. Bd3 Nb8 29. Kh1 Kf7 30. Rg1 Bc7
31. Rg3 Rh4 32. Kg1 Bb6 33. Qc1 Qh6 34. Na4 Nd7 35. Nc3 Ke7 36. Rb2 Nb8 37. Kf2 Na6 38. Ke1 Qh7 39. a3 Rh8 40. Kd2 Bd8
41. Nb5 Qg8 42. Kc2 Bb6 43. Qe1 R8h7 44. Kb1 Qb8 45. Bd2 Qd8 46. Ka2 Nb8 47. Ka1 Na6 48. Be3 Kf7 49. Rg1 Qd7 50. Bd2 Qd8
51. Rb1 R7h6 52. Ka2 Ke7 53. Nc3 Rh8 54. Rc1 Ke8 55. Na4 Bc7 56. Qe2 Kf7 57. Nc3 Ke7 58. Be1 R4h7 59. Rd1 Qb8 60. Rb1 Qd8
61. Rd1 Qb8 62. Rd2 Kf7 63. Qd1 b6 64. Qc2 Kg7 65. Kb2 Qc8 66. Rg3 Bd8 67. Na4 Qb8 68. Nc3 Kf7 69. Bf2 Kg8 70. Rd1 Qa8
71. Rd2=
1/2-1/2

[Event "Italian Hungarian for fall"]
[Site "SchemingMind.com"]
[Date "2021.10.14"]
[Round "-"]
[White "Clive Everill"]
[Black "maro"]
[Result "1-0"]
[WhiteCountry "CZE"]
[BlackCountry "MEX"]
[WhiteElo "1689"]
[WhiteRD "66"]
[BlackElo "1285"]
[BlackRD "67"]
[GameID "716341"]

1. e4 e5 2. Nf3 Nc6 3. Bc4 Be7 4. d4 exd4 5. c3 h6 6. O-O dxc3 7. Nxc3 Bb4 8. Nd5 Bc5 9. a3 Nf6 10. Bf4 d6
11. Re1 O-O 12. b4 Re8 13. bxc5 Nxe4 14. cxd6 cxd6 15. Nd2 Nxd2 16. Rxe8+ Qxe8 17. Qxd2 Qd7 18. Bxh6 gxh6 19. Nf6+ Kf8 20. Qxh6+ Ke7
21. Nxd7 Bxd7 22. Re1+
1-0

[Event "Italian Hungarian for fall"]
[Site "SchemingMind.com"]
[Date "2021.10.14"]
[Round "-"]
[White "maro"]
[Black "Clive Everill"]
[Result "1-0"]
[WhiteCountry "MEX"]
[BlackCountry "CZE"]
[WhiteElo "1310"]
[WhiteRD "64"]
[BlackElo "1681"]
[BlackRD "61"]
[GameID "716342"]

1. e4 e5 2. Nf3 Nc6 3. Bc4 Be7 4. d3 Nf6 5. Nc3 O-O 6. O-O Re8 7. Be3 Na5 8. Bd5 c6 9. Bb3 d6 10. h3 h6
11. d4 exd4 12. Nxd4 b5 13. a3 Ba6 14. Ba2 b4 15. axb4 Bxf1 16. Kxf1 c5 17. bxc5 dxc5 18. Nf5 Bf8 19. Qf3 Qb6 20. Na4 Qb5+
21. Kg1 Rxe4 22. Nc3 Qxb2 23. Rb1 Qxc2 24. Nxe4 Nxe4 25. Bxf7+ Kh8 26. Rc1 Qa4 27. Bxh6 gxh6 28. Qg4 Ng5 29. Qxa4 Nxf7 30. Qa1+ Kh7
31. Qf6 Kg8 32. Rxc5 Nb7 33. Rc7 Nbd6 34. Nxd6 Bxd6 35. Qxf7+
1-0

[Event "Italian Hungarian for fall"]
[Site "SchemingMind.com"]
[Date "2021.10.14"]
[Round "-"]
[White "maro"]
[Black "pnwmusichound"]
[Result "0-1"]
[WhiteCountry "MEX"]
[BlackCountry "USA"]
[WhiteElo "1310"]
[WhiteRD "64"]
[BlackElo "1795"]
[BlackRD "94"]
[GameID "716343"]

1. e4 e5 2. Nf3 Nc6 3. Bc4 Be7 4. d4 exd4 5. Nxd4 Bc5 6. c3 d6 7. Qf3 Ne5 8. Qe2 Nf6 9. Bg5 O-O 10. f4 Nxc4
11. O-O Bxd4+ 12. cxd4 Nb6 13. Nc3 Re8 14. e5 dxe5 15. fxe5 Qxd4+ 16. Kh1 Bg4 17. Qc2 Qxe5 18. Bxf6 gxf6 19. h3 Bh5 20. Rae1 Qg5
21. Ne4 Rxe4 22. Rxe4 Bg6 23. Rg4 Bxc2 24. Rc1 Bg6 25. Rxg5 fxg5
0-1

[Event "Italian Hungarian for fall"]
[Site "SchemingMind.com"]
[Date "2021.10.14"]
[Round "-"]
[White "pnwmusichound"]
[Black "maro"]
[Result "1-0"]
[WhiteCountry "USA"]
[BlackCountry "MEX"]
[WhiteElo "1795"]
[WhiteRD "94"]
[BlackElo "1310"]
[BlackRD "64"]
[GameID "716344"]

1. e4 e5 2. Nf3 Nc6 3. Bc4 Be7 4. O-O Nf6 5. d4 exd4 6. Re1 d5 7. exd5 Nxd5 8. Nxd4 O-O 9. Bxd5 Qxd5 10. Nxc6 Qxc6
11. Rxe7 Bf5 12. Nc3 Rad8 13. Qe2 Qg6 14. Rxc7 Bh3 15. g3 Rfe8 16. Re7 Kf8 17. Rxe8+ Rxe8 18. Be3 Qc6 19. f3 b6 20. Ne4 Bf5
21. Re1 Bxe4 22. fxe4 Rxe4 23. Kf1 Qf6+ 24. Qf2 Qe5 25. c3 Qb5+ 26. Re2 Qd5 27. b3 Qd1+ 28. Qe1 Qxe1+ 29. Rxe1 Kg8 30. Bf4 Rxe1+
31. Kxe1 h6 32. c4 g5 33. Bb8 a5 34. Ba7 b5 35. cxb5 Kf8 36. b6
1-0

[Event "Italian Hungarian for fall"]
[Site "SchemingMind.com"]
[Date "2021.10.14"]
[Round "-"]
[White "maro"]
[Black "Goz"]
[Result "0-1"]
[WhiteCountry "MEX"]
[BlackCountry "ENG"]
[WhiteElo "1310"]
[WhiteRD "64"]
[BlackElo "1408"]
[BlackRD "74"]
[GameID "716345"]

1. e4 e5 2. Nf3 Nc6 3. Bc4 Be7 4. d4 exd4 5. Nxd4 Nf6 6. Nc3 O-O 7. Bf4 d6 8. h3 a6 9. Bd5 Nb4 10. a3 Nbxd5
11. Nxd5 Nxe4 12. O-O c6 13. Ne3 d5 14. f3 Nf6 15. b4 Nh5 16. Bh2 f5 17. f4 Qe8 18. Qd3 g6 19. Rfe1 Bd6 20. Ng4 Qd8
21. Ne6 Bxe6 22. Rxe6 Bxf4 23. Bxf4 Nxf4 24. Nh6+ Kg7 25. Nxf5+ gxf5 26. Qg3+ Ng6 27. h4 Rf6 28. Rae1 d4 29. h5 Kf7 30. hxg6+ hxg6
31. Rxf6+ Qxf6 32. Qc7+ Kg8 33. Qd7 Rd8 34. Re8+ Rxe8 35. Qxe8+ Kh7 36. Qd7+ Qg7 37. Qd6 Kh6 38. Qh2+ Kg5 39. g3 Kf6 40. Qh4+ Ke5
41. Qf4+ Kd5 42. Qd2 Qe5 43. c4+ Ke6 44. Qh6 Qxg3+ 45. Kf1 Ke5 46. Qg7+ Ke4 47. Qxb7 Qf3+ 48. Kg1 Kd3 49. Qxa6 Ke2 50. c5+ Ke1
51. Qf1+ Qxf1+
0-1

[Event "Italian Hungarian for fall"]
[Site "SchemingMind.com"]
[Date "2021.10.14"]
[Round "-"]
[White "Goz"]
[Black "maro"]
[Result "0-1"]
[WhiteCountry "ENG"]
[BlackCountry "MEX"]
[WhiteElo "1408"]
[WhiteRD "74"]
[BlackElo "1310"]
[BlackRD "64"]
[GameID "716346"]

1. e4 e5 2. Nf3 Nc6 3. Bc4 Be7 4. O-O Nf6 5. Ng5 d5 6. exd5 Nxd5 7. Bxd5 Qxd5 8. Nc3 Qd8 9. Nge4 Bf5 10. d3 h6
11. Ng3 Bh7 12. f4 exf4 13. Bxf4 O-O 14. a3 Re8 15. Nce2 Bc5+ 16. Kh1 g5 17. Bd2 Ne5 18. b4 Bd4 19. c3 Bb6 20. d4 Nc4
21. Ra2 Ne3 22. Bxe3 Qd7 23. Bc1 Qd5 24. Nh5 Re6 25. Rb2 Be4 26. Rf2 f5 27. Neg3 Rf8 28. Rbe2 c6 29. Nxe4 fxe4 30. Rxf8+ Kxf8
31. Rf2+ Ke7 32. Qf1 Kd6 33. Nf6 Qb3 34. Bb2 e3 35. Re2 Qc4 36. Qf3 Bd8 37. Ne4+ Kc7 38. Rxe3 Re7 39. Nd2 Qg8 40. g4 Rf7
41. Qg3+ Kc8 42. Qd6 Bc7 43. Qxh6 Rh7 44. Qe6+ Qxe6 45. Rxe6 Rxh2+ 46. Kg1 Rxd2 47. Bc1 Rd1+ 48. Kf2 Rxc1 49. a4 Rxc3 50. Rg6 Bb6
51. Rxg5 Bxd4+ 52. Kg2 Rc2+ 53. Kf3 Ra2 54. Ke4 Bf6 55. Rg8+ Kd7 56. Kf5 Rf2+ 57. Kg6 b5 58. a5 c5 59. bxc5 Be5 60. Ra8 b4
61. Rxa7+ Kc6 62. Re7 Re2 63. a6 Ra2 64. Rxe5 b3 65. g5 b2 66. Kf6 b1=Q 67. g6 Rf2+ 68. Kg7 Qb2 69. a7 Qb7+ 70. Kh6 Rh2+
71. Kg5 Qxa7
0-1

[Event "Italian Hungarian for fall"]
[Site "SchemingMind.com"]
[Date "2021.10.14"]
[Round "-"]
[White "maro"]
[Black "Chessibelle"]
[Result "1-0"]
[WhiteCountry "MEX"]
[BlackCountry "ENG"]
[WhiteElo "1285"]
[WhiteRD "67"]
[BlackElo "1053"]
[BlackRD "62"]
[GameID "716347"]

1. e4 e5 2. Nf3 Nc6 3. Bc4 Be7 4. d4 Bd6 5. dxe5 Nxe5 6. Ng5 f6 7. Nf3 Ne7 8. Bb3 c6 9. Nc3 a6 10. Be3 b6
11. Na4 c5 12. Nc3 Qc7 13. O-O a5 14. Bf4 Ba6 15. Re1 N7g6 16. Bg3 O-O-O 17. Nd5 Qc6 18. Nxe5 Nxe5 19. Bxe5 Bxe5 20. Ne7+
1-0

[Event "Italian Hungarian for fall"]
[Site "SchemingMind.com"]
[Date "2021.10.14"]
[Round "-"]
[White "Chessibelle"]
[Black "maro"]
[Result "1-0"]
[WhiteCountry "ENG"]
[BlackCountry "MEX"]
[WhiteElo "1053"]
[WhiteRD "62"]
[BlackElo "1285"]
[BlackRD "67"]
[GameID "716348"]

1. e4 e5 2. Nf3 Nc6 3. Bc4 Be7 4. O-O Nf6 5. Re1 d5 6. Bd3 dxe4 7. Bxe4 Nxe4 8. Rxe4 Bf5 9. Re1 Nb4 10. d3 O-O
11. Nxe5 Bc5 12. Qe2 Bd4 13. Nf3 Qd7 14. Nbd2 Nxc2 15. Nb3 Nxa1 16. Nbxd4 Rfe8 17. Ne5 Qd5 18. Ndf3 f6 19. Bf4 fxe5 20. Nxe5 Rad8
21. h3 Qb5 22. Qh5 Bg6 23. Qh4 Bxd3 24. Rd1 h6 25. Qg4 Rxe5 26. Bxh6 g5 27. Qh5 g4 28. Qxg4+ Kf7 29. Qg7+ Ke6 30. Bf4 Rd7
31. Qg8+ Kf5 32. g3 Ke4 33. Qg4 Kd5 34. Qf3+ Re4 35. Rxd3+ Kc6 36. Qxe4+ Rd5 37. Rc3+ Kd7 38. Rxc7+ Kd8 39. Qe7#
1-0

[Event "Italian Hungarian for fall"]
[Site "SchemingMind.com"]
[Date "2021.10.14"]
[Round "-"]
[White "maro"]
[Black "Robert Bruce"]
[Result "0-1"]
[WhiteCountry "MEX"]
[BlackCountry "SCO"]
[WhiteElo "1285"]
[WhiteRD "67"]
[BlackElo "2439"]
[BlackRD "69"]
[GameID "716349"]

1. e4 e5 2. Nf3 Nc6 3. Bc4 Be7 4. Nc3 d6 5. d3 Nf6 6. O-O Bg4 7. h3 Bh5 8. a3 Qd7 9. Be3 Nd4 10. Bxd4 exd4
11. Nd5 Nxd5 12. Bxd5 O-O-O 13. c3 c6 14. Bb3 Bf6 15. g4 Bg6 16. cxd4 h5 17. d5 hxg4 18. dxc6 bxc6 19. Rc1 Rxh3 20. Ba4 Rdh8
21. Rxc6+ Kd8 22. Ra6 Rh1+ 23. Kg2 gxf3+ 24. Kg3 Qh3+ 25. Kf4 Bg5+ 26. Kxg5 Qh4#
0-1

[Event "Italian Hungarian for fall"]
[Site "SchemingMind.com"]
[Date "2021.10.14"]
[Round "-"]
[White "Robert Bruce"]
[Black "maro"]
[Result "1-0"]
[WhiteCountry "SCO"]
[BlackCountry "MEX"]
[WhiteElo "2439"]
[WhiteRD "69"]
[BlackElo "1285"]
[BlackRD "67"]
[GameID "716350"]

1. e4 e5 2. Nf3 Nc6 3. Bc4 Be7 4. O-O Nf6 5. d3 d5 6. exd5 Nxd5 7. Re1 Bf6 8. d4 e4 9. Bxd5 Qxd5 10. Nc3 Qd7
11. Nxe4 Bxd4 12. Nf6+
1-0

[Event "Italian Hungarian for fall"]
[Site "SchemingMind.com"]
[Date "2021.10.14"]
[Round "-"]
[White "maro"]
[Black "William Lindberg"]
[Result "0-1"]
[WhiteCountry "MEX"]
[BlackCountry "USA"]
[WhiteElo "1285"]
[WhiteRD "67"]
[BlackElo "2474"]
[BlackRD "66"]
[GameID "716351"]

1. e4 e5 2. Nf3 Nc6 3. Bc4 Be7 4. Nc3 Nf6 5. d4 Nxe4 6. Nxe4 d5 7. dxe5 dxc4 8. Qe2 Bg4 9. h3 Nd4 10. Qxc4 Bxf3
11. gxf3 Nxf3+ 12. Kf1 Qd1+ 13. Kg2 Nh4+ 14. Kh2 Qh5 15. Qxc7 Qf3 16. Rg1 Qxe4 17. Bg5 Bxg5 18. Rxg5 Nf3+
0-1

[Event "Italian Hungarian for fall"]
[Site "SchemingMind.com"]
[Date "2021.10.14"]
[Round "-"]
[White "William Lindberg"]
[Black "maro"]
[Result "1-0"]
[WhiteCountry "USA"]
[BlackCountry "MEX"]
[WhiteElo "2474"]
[WhiteRD "66"]
[BlackElo "1285"]
[BlackRD "67"]
[GameID "716352"]

1. e4 e5 2. Nf3 Nc6 3. Bc4 Be7 4. O-O Nf6 5. d3 d5 6. exd5 Nxd5 7. Re1 Bf6 8. d4 O-O 9. dxe5 Be7 10. Bxd5 Be6
11. c4 Bxd5 12. cxd5 Nb4 13. Nc3 a5 14. Be3 Ra6 15. a3 Nxd5 16. Nxd5 h6 17. Qb3 a4 18. Qxb7 Ra5 19. Nxe7+ Qxe7 20. Bd2 Raa8
21. Bb4
1-0